| 000 | 01553nam0a2200313 4500 | ||
|---|---|---|---|
| 001 | RU\NLR\BIBL_A\011319517 | ||
| 005 | 20250626042906.0 | ||
| 010 | _a978-5-91658-989-4 | ||
| 021 |
_aRU _b2016-100775 _96706 |
||
| 035 | _a(NLR Aleph) 011319517 | ||
| 090 |
_a11069621 _c11069621 |
||
| 100 | _a20170202d2016 |||y0rusy50 ca | ||
| 101 | 0 | _arus | |
| 102 | _aRU | ||
| 105 | _aa|||j|||000zy | ||
| 200 | 1 |
_aЭрудит _eматематика с увлечением _eдумаю, решаю, доказываю... _e2 класс _eпрограмма внеурочной деятельности _eпрограмма курса, методические рекомендации, технологические карты к занятиям _eметодическое пособие _f[авт.-сост.: Н.С. Касель, И.В. Шалагина _gпод ред. доц., к.п.н. А.П. Мишиной] |
|
| 210 |
_aМосква _cПланета _d2016 _d(макет 2017) |
||
| 215 |
_a175 с. _d21 |
||
| 225 | 1 | _aСерия "Учение с увлечением" | |
| 225 | 1 | _aФГОС | |
| 320 | _aБиблиогр.: с. 173-174 (17 назв.) | ||
| 606 | 1 |
_aМатематика _jМетодические пособия _xПреподавание _xНачальная школа _92139134 _3RU\NLR\AUTH\661289536 |
|
| 686 | 1 | _aЧ426.24,01я8 | |
| 702 | 1 |
_aКасель _bН.С. _gНадежда Сергеевна _4220 |
|
| 702 | 1 |
_aМишина _bА.П. _4340 |
|
| 942 | _cBOOK | ||
| 980 | _aNB | ||